000 00360nam a2200145Ia 4500
008 240624s9999 xx 000 0 und d
041 _aeng
082 _a300.72 MAR
100 _aMARSHALL CATHERINE
245 _aDESIGNING QUALITATIVE RESEARCH
250 _a(6th ed.)
260 _c2016
_aNew Delhi
_bSage
300 _axxii, 323 p.; 23 cm.
365 _c
_b32
999 _c29892
_d29892